Biophysical tutorials Part 1.

Podrobná bibliografia
Hlavní autori: Špitálský, Jiří (Autor), Hálek, Jan, 1943- (Autor)
Médium: Kniha
Jazyk:angličtina
PhysicalDescription:64 s. 21 cm
Vydavateľské údaje: Olomouc Univerzita Palackého 1996
Predmet:

MARC

LEADER 00000nam a2200000 a 4500
001 vtls001409396
003 SK-MaSNL
005 20260301202151.0
008 251124s1996 xr r 0 eng
020 |c b.c. 
035 |a SNK000364083 
040 |a SNK  |b slo  |c SNK  |e AACR2 
044 |a xr  |c CZ 
080 |a 577.3(075.8)  |2 1981 
100 1 |a Špitálský, Jiří  |4 aut  |9 574299 
245 1 0 |a Biophysical tutorials  |n Part 1.  |c J. Špitálský, J. Hálek 
260 |a Olomouc  |b Univerzita Palackého  |c 1996 
300 |a 64 s.  |c 21 cm 
500 |a Xerokópia 
650 0 7 |a biofyzika  |2 SNKPH  |9 2519 
650 0 7 |a cudzinci  |2 SNKPH  |9 996 
655 7 |a učebnice vysokých škôl  |2 SNKPH  |9 70191 
700 1 |a Hálek, Jan,  |d 1943-  |4 aut  |9 183784 
999 |c 897813  |d 899743 
952 |t P60, <04>, [BOOK], {604}  |a SNK  |b SNK  |y VYP  |7 0  |p 17A0292675  |o snkID 96861/1  |i snkF 411/2001  |0 0  |1 0  |4 0  |d 2001-03-14  |l 0  |r 2005-01-02 00:00:00  |w 2026-02-24